000 00621cam a2200181 4500
008 t19941994mx spa
035 _aa478692
050 0 4 _aGN44
_bI53 1994
245 0 0 _aIndice general catálogo directorio de investigaciones.
260 _aMéxico :
_bInstituto Nacional de Antropología e Historia,
_cc1994
300 _a272 p. ;
_c21 cm.
500 _a2 ejemplares
504 _aIncluye indice
650 7 _aAntropología
_zMéxico
_xInvestigación
_2Lemb
700 1 _aArroyo García, Sergio Raúl, comp.
710 2 _aEscuela Nacional de Antropología e Historia (México)
942 _2lcc
_cLIB
999 _c64178
_d64178